Home Print Resources E-Books E-Journals IIMT Lecture Series Library Membership Form Book Recommendation Form Campus Tour Take AdmissionAbout Us Contact Us

Organic Chemistry (Record no. 4642)

000 -LEADER
fixed length control field 00349nam a2200157Ia 4500
003 - CONTROL NUMBER IDENTIFIER
control field OSt
005 - DATE AND TIME OF LATEST TRANSACTION
control field 20240216164953.0
008 - FIXED-LENGTH DATA ELEMENTS--GENERAL INFORMATION
fixed length control field 170524s9999 xx 000 0 und d
020 ## - INTERNATIONAL STANDARD BOOK NUMBER
International Standard Book Number 978-8177585414
040 ## - CATALOGING SOURCE
Transcribing agency IIMT UNIVERSITY MEERUT
100 ## - MAIN ENTRY--PERSONAL NAME
Personal name Finar I L
245 #0 - TITLE STATEMENT
Title Organic Chemistry
260 ## - PUBLICATION, DISTRIBUTION, ETC.
Name of publisher, distributor, etc. Person
260 ## - PUBLICATION, DISTRIBUTION, ETC.
Date of publication, distribution, etc. 2007
942 ## - ADDED ENTRY ELEMENTS (KOHA)
Source of classification or shelving scheme
Koha item type Book Bank
Holdings
Withdrawn status Lost status Source of classification or shelving scheme Damaged status Not for loan Home library Current library Date acquired Barcode Date last seen Price effective from Koha item type Public note Total Checkouts Date last checked out Source of acquisition Coded location qualifier Full call number
          IIMT University Central Library Meerut IIMT University Central Library Meerut 05/31/2017 01-B-40055 05/31/2017 05/31/2017 Reference Book Engineering Departmental Library books          
          IIMT University Central Library Meerut IIMT University Central Library Meerut 05/31/2017 01-B-40056 04/18/2019 05/31/2017 Book Bank   2 02/19/2019      
          IIMT University Central Library Meerut IIMT University Central Library Meerut 05/31/2017 01-B-40057 05/25/2019 05/31/2017 Book Bank   2 03/06/2019      
          IIMT University Central Library Meerut IIMT University Central Library Meerut 05/31/2017 01-B-40058 10/21/2019 05/31/2017 Book Bank   2 10/11/2019      
          IIMT University Central Library Meerut IIMT University Central Library Meerut 05/31/2017 01-B-40059 05/31/2017 05/31/2017 Book Bank / Loan Books Central Library to Departmental Basic Science Library          
          IIMT University Central Library Meerut IIMT University Central Library Meerut 05/31/2017 01-B-40060 05/31/2017 05/31/2017 Text-Book- for 7 days            
          IIMT University Central Library Meerut IIMT University Central Library Meerut 05/31/2017 01-B-40061 05/31/2017 05/31/2017 Text-Book- for 7 days            
          IIMT University Central Library Meerut IIMT University Central Library Meerut 05/31/2017 01-B-40062 05/31/2017 05/31/2017 Text-Book- for 7 days            
          IIMT University Central Library Meerut IIMT University Central Library Meerut 07/29/2017 01-B-121833 07/29/2017 07/29/2017 Book Bank / Loan Books Central Library to Departmental Basic Science Library     127 ENGG. COLLEGE APPLIED SC 546.076 FIN
IIMT, Central Library. All Rights Reserved IIMT,UNIVERSITY © 2023
Implemented and Customised by I CLOUDE EMS
You Are OPAC Visitor No
free web counter

Powered by Koha